Základné charakteristiky afrických rozvojových krajín socialistickej orientácie a podmienky ich zapojenia do systému medzinárodnej deľby práce so zreteľom na rozvoj československej ekonomiky kandidátska dizertačná práca

Na minha lista:
Detalhes bibliográficos
Autor principal: Gavaľová, Viera
Autor Corporativo: Vysoká škola ekonomická v Bratislave
Outros Autores: Balhar, Víťazoslav
Formato: Livro
Idioma:eslovaco
Publicado em: Bratislava 1983
Assuntos:
Tags: Adicionar Tag
Sem tags, seja o primeiro a adicionar uma tag!

MARC

LEADER 00000nbm a2200000 4500
001 0167099
005 20221207103910.3
041 0 |a slo 
044 |a SK 
245 1 0 |a Základné charakteristiky afrických rozvojových krajín socialistickej orientácie a podmienky ich zapojenia do systému medzinárodnej deľby práce so zreteľom na rozvoj československej ekonomiky  |b kandidátska dizertačná práca  |c Viera Gavaľová ; školiteľ: Víťazoslav Balhar 
264 1 |a Bratislava  |c 1983 
300 |a 248 s. 
610 2 0 |a deľba práce medzinárodná 
610 2 0 |a krajiny rozvojové 
610 2 0 |a Afrika 
610 2 0 |a Etiópia 
610 2 0 |a Angola 
610 2 0 |a Mozambik 
100 1 |a Gavaľová, Viera 
700 1 |a Balhar, Víťazoslav 
710 2 |a Vysoká škola ekonomická v Bratislave